000 00586nam a2200181 i 4500
001 76081
003 ES-MaACL
007 t|
008 040929s1984 sp ||||1| spa d
100 1 _aGuerra de la Vega, Ramón.
_960510
245 1 0 _aHistoria de la arquitectura en el Madrid de los Austrias
_b: 1516-1700 /
_cRamón Guerra de la Vega.
260 _a[S.l. :
_bs.n.,
_c1984] (
_eMadrid :
_fGraficinco)
300 _a221 p., 22 lám. ;
_c22 cm.
490 1 _aSalon del Prado
830 0 _aSalon del Prado
_9231275
852 _aES-MaACL
_jL-6307
_bR.107031
999 _c76081
_d76081